[Event "WJCC U20 Open 2019"]
[Site "New Delhi"]
[Date "2019.10.16"]
[Round "2.27"]
[White "Murzin, Volodar"]
[Black "Doluweera, Minul Sanjula"]
[Result "1-0"]
[WhiteElo "2433"]
[BlackElo "2191"]
[Annotator "RC"]
[PlyCount "45"]
[EventDate "2019.10.15"]
[EventType "swiss"]
[EventCountry "IND"]
[SourceTitle "playchess.com"]
[Source "ChessBase"]
[SourceQuality "1"]
[TimeControl "40/5400+30:1800+30"]

1. e4 {[%emt 0:00:00]} c5 {[%emt 0:00:00]} 2. Nf3 {[%emt 0:00:00]} g6 {[%emt 0:00:11]} 3. d4 {[%emt 0:01:32]} cxd4 {[%emt 0:00:06]} 4. Nxd4 {[%emt 0:04:15]} Bg7 {[%emt 0:00:24]} 5. c4 {[%emt 0:00:24]} Nc6 {[%emt 0:02:44]} 6. Be3 {[%emt 0:00:52]} Nf6 {[%emt 0:00:09]} 7. Nc3 {[%emt 0:00:17]} Nxd4 {[%emt 0:00:44]} 8. Bxd4 {[%emt 0:00:13]} d6 {[%emt 0:00:31]} 9. Be2 {[%emt 0:06:46]} O-O {[%emt 0:00:29]} 10. O-O {[%emt 0:00:14]} a5 {[%emt 0:00:16]} 11. b3 {[%emt 0:00:21]} Bd7 {[%emt 0:00:09]} 12. Qd2 {[%emt 0:01:01]} Bc6 {[%emt 0:00:06]} 13. Bd3 {[%emt 0:02:59]} Nd7 {[%emt 0:06:56]} 14. Bxg7 {[%emt 0:00:23]} Kxg7 {[%emt 0:00:15]} 15. Rae1 {[%emt 0:00:08]} Nc5 {[%emt 0:26:51]} 16. Bc2 {[%emt 0:05:35]} Qb6 17. Re3 {[%emt 0:08:50]} h5 {[%emt 0:33:52]} 18. Nd5 {[%emt 0:06:12]} Bxd5 {[%emt 0:00:10]} 19. exd5 {[%emt 0:00:13]} e5 {[%emt 0:07:02]} 20. dxe6 {[%emt 0:01:19]} fxe6 {[%emt 0:00:10]} 21. Rg3 {[%emt 0:02:13]} Rf6 {[%emt 0:02:55]} 22. Qg5 {[%emt 0:00:44]} Nd7 {[%emt 0:03:24]} 23. Bxg6 {[%emt 0:01:03]} 1-0

[Event "WJCC U20 Open 2019"]
[Site "New Delhi"]
[Date "2019.10.16"]
[Round "2.28"]
[White "Davtyan, Artur"]
[Black "Lama, Milan"]
[Result "1-0"]
[WhiteElo "2418"]
[BlackElo "1976"]
[Annotator "NA RC"]
[PlyCount "85"]
[EventDate "2019.10.15"]
[EventType "swiss"]
[EventCountry "IND"]
[SourceTitle "playchess.com"]
[Source "ChessBase"]
[SourceQuality "1"]
[TimeControl "40/5400+30:1800+30"]

1. d4 {[%emt 0:00:00]} d5 {[%emt 0:00:00]} 2. Nf3 {[%emt 0:00:45]} Nf6 {[%emt 0:00:34]} 3. c4 {[%emt 0:00:03]} dxc4 {[%emt 0:00:58]} 4. e3 {[%emt 0:00:31]} Bg4 {[%emt 0:01:18]} 5. Bxc4 {[%emt 0:00:31]} e6 {[%emt 0:00:23]} 6. Nc3 {[%emt 0:00:06]} a6 {[%emt 0:03:03]} 7. h3 {[%emt 0:01:05]} Bh5 {[%emt 0:02:14]} 8. O-O {[%emt 0:00:06]} Nc6 {[%emt 0:04:52]} 9. Re1 {[%emt 0:00:14] D22: Queen's Gambit Accepted: 3 Nf3 a6 4 e3} (9. Be2 Bd6 10. Nd2 Bxe2 11. Qxe2 O-O 12. Nf3 e5 13. d5 Ne7 14. e4 Ng6 15. Be3 Nd7 16. Nd2 Qe7 17. a3 f5 18. exf5 Rxf5 {1-0 (97) Yu,Y (2764)-Alekseenko,K (2638) St Petersburg 2018}) 9... Bb4 {[%emt 0:02:18]} 10. Bd2 {[%emt 0:11:24]} O-O {[%emt 0:02:15]} 11. a3 $146 {[%emt 0:01:05]} ({Predecessor:} 11. e4 Nxd4 12. Re3 Nxf3+ 13. gxf3 Qe7 14. e5 Nd7 15. a3 {0-1 (22) Croitoru,C (401)-Catricicau,C (792) Voineasa 2008}) 11... Bxc3 {[%emt 0:03:59]} 12. Bxc3 {[%emt 0:00:32]} Ne4 {[%emt 0:05:59]} 13. Bd3 {[%emt 0:03:42]} Ng5 {[%emt 0:08:40]} 14. Be2 {[%emt 0:01:12]} Nxf3+ {[%emt 0:02:59]} 15. Bxf3 {[%emt 0:00:38]} Bxf3 {[%emt 0:00:06]} 16. Qxf3 {[%emt 0:00:04]} Rb8 {[%emt 0:08:14]} 17. Rac1 {[%emt 0:05:28]} Ne7 {[%emt 0:10:29]} 18. Qg3 {[%emt 0:01:07]} Nd5 {[%emt 0:11:55]} 19. Ba5 {[%emt 0:01:04]} Rc8 {[%emt 0:04:04]} 20. e4 {[%emt 0:03:11]} Nb6 {[%emt 0:02:11]} 21. Rc5 {[%emt 0:02:32]} Na8 {[%emt 0:02:06]} 22. Rg5 {[%emt 0:05:33]} g6 {[%emt 0:03:03]} 23. Bc3 {[%emt 0:00:30]} Qd7 {[%emt 0:05:38]} 24. d5 {[%emt 0:01:07]} f6 {[%emt 0:01:23]} 25. dxe6 {[%emt 0:01:55]} Qe7 {[%emt 0:03:44]} 26. Rd5 {[%emt 0:06:13]} (26. Rg4 $142) 26... Nb6 {[%emt 0:00:56]} 27. Rd4 {[%emt 0:00:11]} Qxe6 {[%emt 0:01:10]} 28. f4 $16 {[%emt 0:00:01]} Rfd8 {[%emt 0:03:30]} 29. f5 {[%emt 0:00:21]} Qf7 {[%emt 0:00:33]} 30. fxg6 {[%emt 0:00:37]} hxg6 {[%emt 0:03:56]} 31. Rxd8+ {[%emt 0:00:02]} Rxd8 {[%emt 0:00:07]} 32. Rf1 {[%emt 0:00:01]} Rd6 {[%emt 0:01:07]} 33. e5 {[%emt 0:00:19]} Re6 {[%emt 0:00:29]} 34. exf6 {[%emt 0:00:06]} Nd5 {[%emt 0:00:52]} 35. Be5 {[%emt 0:00:26]} c6 {[%emt 0:00:58]} 36. h4 {[%emt 0:01:52]} Kf8 {[%emt 0:01:06]} 37. Bd6+ {[%emt 0:00:32]} Ke8 {[%emt 0:00:15]} 38. Be7 {[%emt 0:00:33]} Kd7 {[%emt 0:01:05]} 39. Qb8 {[%emt 0:00:02]} Nxe7 {[%emt 0:00:22]} 40. Qxb7+ {[%emt 0:00:52]} Kd6 {[%emt 0:00:37]} 41. fxe7 {[%emt 0:30:56]} Qxe7 {[%emt 0:30:29]} 42. Rd1+ {[%emt 0:00:05]} Ke5 {[%emt 0:00:32]} 43. Qxe7 {[%emt 0:00:07] Kd5} 1-0

[Event "WJCC U20 Open 2019"]
[Site "New Delhi"]
[Date "2019.10.16"]
[Round "2.29"]
[White "Di Benedetto, Edoardo"]
[Black "Vatsal Singhania"]
[Result "1/2-1/2"]
[WhiteElo "2401"]
[BlackElo "2157"]
[Annotator "NA"]
[PlyCount "95"]
[EventDate "2019.10.15"]
[EventType "swiss"]
[EventCountry "IND"]
[SourceTitle "playchess.com"]
[Source "ChessBase"]
[SourceQuality "1"]
[TimeControl "40/5400+30:1800+30"]

1. d4 Nf6 2. c4 e6 3. Nc3 Bb4 4. e3 O-O 5. Bd3 d5 6. cxd5 exd5 7. Nge2 Bd6 8. Nb5 Be7 9. O-O Re8 10. Nf4 c6 11. Nc3 Nbd7 12. f3 Nf8 13. Bc2 Bb4 14. Re1 Ba5 15. h3 Bb6 16. Nfe2 Ng6 17. Kh1 Be6 18. e4 dxe4 19. fxe4 Qd7 20. Qd3 Rad8 21. Rd1 Qe7 22. Qf3 Bc4 23. Bg5 h6 24. Bxf6 Qxf6 25. Qxf6 gxf6 26. Bd3 Be6 27. d5 cxd5 28. Bb5 Re7 29. exd5 Bd7 30. Bxd7 Rdxd7 31. Rf1 Kg7 32. Ng3 Re5 33. Nge4 f5 34. Ng3 f4 35. Nge4 f5 36. Nf2 Bd4 37. Nd3 Bxc3 38. bxc3 Rexd5 39. Nxf4 Nxf4 40. Rxf4 Rd1+ 41. Rxd1 Rxd1+ 42. Kh2 Kg6 43. Rb4 Rd7 44. Ra4 a6 45. Rb4 b5 46. a4 Rc7 47. axb5 axb5 48. Rxb5 1/2-1/2

[Event "WJCC U20 Open 2019"]
[Site "New Delhi"]
[Date "2019.10.16"]
[Round "2.30"]
[White "Papadiamandis, Elliot"]
[Black "Sammed Jaykumar, Shete"]
[Result "1/2-1/2"]
[WhiteElo "2190"]
[BlackElo "2392"]
[Annotator "TA"]
[PlyCount "62"]
[EventDate "2019.10.15"]
[EventType "swiss"]
[EventCountry "IND"]
[SourceTitle "playchess.com"]
[Source "ChessBase"]
[SourceQuality "1"]

{[%evp 16,62,45,20,40,39,40,41,43,27,23,0,25,0,37,35,52,53,103,65,214,158,187,222,405,404,394,344,332,316,410,237,234,111,137,0,230,0,139,0,270,0,177,0,257,0,137,0,254]} 1. e4 e5 2. Nf3 Nc6 3. Bc4 Nf6 4. d3 h6 5. c3 d6 6. Nbd2 {[%cal Bb1d2,Bd2f1,Bf1e3,Be3d5][%mdl 32]} g6 7. O-O Bg7 8. Re1 O-O 9. Bb3 Nd7 {C55: Two Knights: 4 d3, 4 d4 exd4 5 e5 and Max Lange Attack} (9... Re8 10. Nf1 Be6 11. h3 d5 12. Ng3 Qd7 13. Ba4 Nh7 14. d4 exd4 15. Nxd4 Rad8 16. Be3 dxe4 17. Nxc6 bxc6 18. Nxe4 {½-½ (33) Anand,V (2782)-Ponkratov,P (2613) Riadh 2017}) 10. Nf1 Nc5 11. Bc2 Ne6 {White is slightly better.} 12. Ne3 a5 13. Bb3 $146 ({Predecessor:} 13. Nd5 f5 14. exf5 gxf5 15. Bb3 Kh8 16. d4 e4 17. Nd2 {0-1 (49) Braun,C (2405)-Erwich,F (2359) Netherlands 2012}) 13... Kh7 14. Nd5 f5 15. exf5 Rxf5 16. Bc2 Rf8 17. Qe2 Nb8 (17... Ned4 $14 18. cxd4 Bg4) 18. Qe4 {And now d4 would win.} c6 19. d4 Rxf3 $2 {[#]} (19... Rf5) 20. Qxg6+ $18 (20. gxf3 Nf8 $16) (20. Qxf3 cxd5 21. Qxd5 Nc6 $11) 20... Kg8 21. Qh7+ (21. gxf3 cxd5 22. dxe5 (22. Bxh6 Qf6 $16) 22... Ng5 $18) 21... Kf8 22. Bxh6 ({Don't take} 22. gxf3 cxd5 23. Bxh6 Nc6 $18) 22... cxd5 23. gxf3 (23. Bg6 $142 Rf7 24. dxe5) 23... Nc6 24. Qf5+ (24. Bg6 $18 {and White stays clearly on top. Intending Bxg7+ and mate.} Ne7 25. dxe5 Nxg6 26. Qxg6) 24... Kg8 25. Qh7+ (25. dxe5 $16 {aiming for Qh7+.} dxe5 26. Bxg7 Nxg7 27. Qh7+ (27. Qg6 Qh4 $16) 27... Kf7 28. Qg6+ (28. Bg6+ Kf6 $18) 28... Kf8 29. Rad1) 25... Kf8 $1 26. Qf5+ Kg8 $1 {Black wants to play ...Qf6.} 27. Qh7+ (27. dxe5 $16 {Strongly threatening Qh7+.} dxe5 28. Qh7+ Kf7 29. Qg6+ (29. Bg6+ Kf6 $18) 29... Kg8 30. Bxg7 Qg5+ 31. Qxg5 Nxg5 32. Bh6 Nxf3+ 33. Kg2 Nxe1+ 34. Rxe1) 27... Kf8 $1 {White should prevent ...Qf6.} 28. Qf5+ Kg8 $1 {With the idea ...Qf6.} 29. Qh7+ (29. dxe5 $142 {Threatens to win with Qh7+.} dxe5 30. Qh7+ Kf7 31. Qg6+ (31. Bg6+ Kf6 $16) 31... Kg8 32. Bxg7 Qg5+ 33. Qxg5 Nxg5 34. Bf6 Nxf3+ 35. Kg2) 29... Kf8 $1 {next ...Qf6 is good for Black.} 30. Qf5+ (30. Bg6 $18 {Bxg7+ would kill now.} Ne7 31. dxe5 Nxg6 32. Qxg6) 30... Kg8 $1 $16 {...Qf6 would now be nice for Black.} 31. Qh7+ (31. dxe5 $16 {Hoping for Qh7+.} dxe5 32. Qh7+ Kf7 33. Qg6+ (33. Bg6+ Kf6 $16) 33... Kf8 34. Rad1) 31... Kf8 $1 {[%mdl 32768] Accuracy: White = 33%, Black = 42%. . An unexpected result.} 1/2-1/2

[Event "WJCC U20 Open 2019"]
[Site "New Delhi"]
[Date "2019.10.16"]
[Round "2.32"]
[White "Sivathanujan, S."]
[Black "Albornoz Cabrera, Carlos Daniel"]
[Result "*"]
[WhiteElo "1766"]
[BlackElo "2581"]
[Annotator "TA"]
[PlyCount "21"]
[EventDate "2019.10.15"]
[EventType "swiss"]
[EventCountry "IND"]
[SourceTitle "playchess.com"]
[Source "ChessBase"]
[SourceQuality "1"]

{[%evp 9,21,-11,19,10,11,19,20,-17,-19,-40,-36,-18,-31,-38]} 1. e4 c5 2. Nf3 d6 3. c3 Nf6 4. Bc4 e6 5. d3 (5. Qe2 Be7 6. d4 cxd4 7. cxd4 d5 8. exd5 exd5 9. Bb5+ Nc6 10. h3 O-O 11. O-O Ne4 12. Nc3 Bf5 13. Bxc6 bxc6 14. Ne5 Rc8 15. Nxe4 dxe4 {½-½ (36) Plat,V (2535)-Navara,D (2733) Ostrava 2019}) 5... g6 6. O-O {B50: Sicilian: 2...d6, Miscellaneous} Bg7 7. Re1 $146 ({Predecessor:} 7. Be3 O-O 8. e5 dxe5 9. Nxe5 Qd6 10. d4 Qb6 11. Qc2 cxd4 12. Bxd4 {1-0 (21) Mena Lena,A (1290)-Hernandez Lopez,J (1171) Benidorm 2015}) 7... O-O 8. d4 Nxe4 9. d5 exd5 10. Bxd5 Nf6 11. Bf4 *

[Event "WJCC U20 Open 2019"]
[Site "New Delhi"]
[Date "2019.10.16"]
[Round "2.34"]
[White "Garidmagnai, Byambasuren"]
[Black "Vykouk, Jan"]
[Result "1-0"]
[WhiteElo "2327"]
[BlackElo "2468"]
[Annotator "TA"]
[PlyCount "49"]
[EventDate "2019.10.15"]
[EventType "swiss"]
[EventCountry "IND"]
[SourceTitle "playchess.com"]
[Source "ChessBase"]
[SourceQuality "1"]

{[%evp 14,49,20,20,29,0,52,45,57,18,23,37,35,21,22,0,0,0,0,0,0,0,12,9,7,11,12,10,35,41,253,247,272,261,255,222,324,317]} 1. d4 Nf6 2. c4 e6 3. Nc3 Bb4 4. Qc2 O-O 5. a3 Bxc3+ 6. Qxc3 b5 7. cxb5 c6 8. e3 cxb5 {E32: Nimzo-Indian: Classical (4 Qc2): 4...0-0} 9. Bxb5 Bb7 (9... Ne4 $11 10. Qb4 (10. Qc2 $2 Qa5+ {[%mdl 64] Double Attack} 11. Bd2 Nxd2 $19) 10... Qg5) (9... Ne4 10. Qb3 Ba6 11. Qa4 Qg5 12. Bf1 Bxf1 13. Kxf1 Nc6 14. f3 Nd6 15. Ne2 Rab8 16. Kf2 {1-0 (40) Motylev,A (2662)-Naiditsch,A (2676) Germany 2006}) 10. Nf3 Qb6 $146 {White is slightly better.} ({Predecessor:} 10... Ne4 11. Qb3 Bd5 12. Bc4 Qa5+ 13. Nd2 Rc8 14. Qb5 Qxb5 15. Bxb5 Nd6 16. Bd3 Bxg2 {0-1 (63) Charochkina,D (2317)-Karthik,V (2475) Sitges 2017}) 11. Qc5 Qxc5 $1 12. dxc5 Rc8 13. b4 a5 $1 {[%cal Ra5b4]} 14. Bb2 axb4 15. axb4 {Bxf6 is the strong threat.} Rxa1+ 16. Bxa1 Nd5 17. Kd2 {Strongly threatening Rb1.} Ba6 18. Ba4 $36 {[%mdl 2048] [#] And now b5 would win. White has good play.} Nxb4 19. Ne5 N8c6 20. Rb1 Nxe5 21. Bxe5 Nd3 $2 ({Better is} 21... Nc6 $14 22. Bd6 Rd8) 22. Bxd7 $18 Ra8 23. Bd6 {[#] aiming for c6.} Nxf2 24. Rb4 Nd3 (24... Bd3 {keeps fighting.} 25. c6 Ne4+ 26. Kxd3 Nxd6) 25. Rb6 1-0

[Event "WJCC U20 Open 2019"]
[Site "New Delhi"]
[Date "2019.10.16"]
[Round "2.35"]
[White "Muradli, Mahammad"]
[Black "Raahul V S"]
[Result "1-0"]
[WhiteElo "2459"]
[BlackElo "2262"]
[Annotator "ChessBase"]
[PlyCount "83"]
[EventDate "2019.10.15"]
[EventType "swiss"]
[EventCountry "IND"]
[SourceTitle "playchess.com"]
[Source "ChessBase"]
[SourceQuality "1"]
[TimeControl "40/5400+30:1800+30"]

1. d4 Nf6 2. c4 g6 3. Nc3 d5 4. Bg5 Bg7 5. Nf3 Ne4 6. Bf4 Nxc3 7. bxc3 O-O 8. cxd5 Qxd5 9. e3 c5 10. Be2 cxd4 11. cxd4 Nc6 12. O-O Bg4 13. Rb1 Qxa2 14. Rxb7 e5 15. dxe5 Rfd8 16. Qe1 Rac8 17. h3 Bxf3 18. Bxf3 Nxe5 19. Be4 Nc4 20. Qb1 Qa6 21. Rd1 Nd2 22. Qb4 Qc4 23. Qxc4 Nxc4 24. Rxd8+ Rxd8 25. Bd5 Ne5 26. e4 a5 27. Ra7 Nd3 28. Be3 Bc3 29. Bxf7+ Kh8 30. Bd5 Rb8 31. g4 Rf8 32. g5 Be5 33. Rxa5 Nf4 34. h4 Rb8 35. Ba2 Nd3 36. Rxe5 Nxe5 37. Bd4 Rb5 38. Bd5 h6 39. Bxe5+ Kh7 40. gxh6 Kxh6 41. Kg2 Kh5 42. Bg3 1-0

[Event "WJCC U20 Open 2019"]
[Site "New Delhi"]
[Date "2019.10.16"]
[Round "2.36"]
[White "Donoso Diaz, Sebastian"]
[Black "Tica, Sven"]
[Result "0-1"]
[WhiteElo "2203"]
[BlackElo "2418"]
[Annotator "TA"]
[PlyCount "60"]
[EventDate "2019.10.15"]
[EventType "swiss"]
[EventCountry "IND"]
[SourceTitle "playchess.com"]
[Source "ChessBase"]
[SourceQuality "1"]

{[%evp 9,60,6,10,0,0,0,0,-5,-6,-11,-14,-10,-12,-27,-24,-38,-29,-24,0,0,13,0,14,0,12,-6,-8,-134,-37,-53,-33,-136,-131,-135,-142,-168,-177,-220,-220,-218,-210,-192,-201,-283,-287,-284,-288,-277,-281,-463,-428,-433,-432]} 1. Nf3 Nf6 2. c4 e6 3. e3 d5 4. b3 b6 5. Bb2 Bb7 6. cxd5 {A13: English Opening: 1...e6} exd5 7. g3 Nbd7 8. d4 {The position is equal.} Bd6 9. Bg2 Ba6 10. Nc3 O-O 11. Nd2 $146 ({Predecessor:} 11. Ne2 Bb4+ 12. Kf1 Re8 13. Kg1 Bd6 {0-1 (49) Bocharov,D (2533)-Wang,H (2730) St Petersburg 2018}) 11... c6 12. Ne2 Qe7 $36 {[%mdl 2048] Black has some pressure.} 13. O-O Rac8 14. Re1 Rfd8 15. Nf4 Bb7 16. Nf3 Ne4 17. Nd3 c5 18. Nde5 (18. dxc5 $11 bxc5 19. Ba3) 18... Nxe5 (18... c4 $17 {Hoping for ...c3.} 19. Nxd7 Rxd7) 19. Nxe5 $15 f6 20. Nf3 {[#]} (20. Bxe4 $1 $15 dxe4 21. Nc4) 20... c4 $1 $17 21. bxc4 dxc4 22. Nh4 Bb4 {Threatens to win with ...c3.} 23. Nf5 Qd7 24. Qg4 Bxe1 25. Rxe1 Nd6 {[#] White must now prevent ...Bxg2.} 26. Nh6+ (26. Bh3 $142 Kh8 27. Nxd6 Qxd6 28. Qd1) 26... Kh8 $19 27. Qxd7 Rxd7 28. Bh3 Rdc7 29. d5 $2 (29. Nf5 {was necessary.} c3 30. Ba3) 29... c3 (29... gxh6 $2 30. Bxf6+ Kg8 31. Be6+ Kf8 32. Bxc8 $19) 30. Ba3 Rd8 {Accuracy: White = 29%, Black = 64%.} (30... gxh6 $2 31. Bxd6 Bxd5 32. Bxc7 $19) 0-1

[Event "WJCC U20 Open 2019"]
[Site "New Delhi"]
[Date "2019.10.16"]
[Round "2.37"]
[White "Percivaldi, Martin"]
[Black "Tifferet, Shaked"]
[Result "1-0"]
[WhiteElo "2391"]
[BlackElo "2224"]
[Annotator "TA"]
[PlyCount "51"]
[EventDate "2019.10.15"]
[EventType "swiss"]
[EventCountry "IND"]
[SourceTitle "playchess.com"]
[Source "ChessBase"]
[SourceQuality "1"]

{[%evp 9,51,22,44,32,122,127,129,120,159,157,254,263,301,331,344,346,332,329,285,296,289,274,357,360,371,358,417,395,494,488,558,548,563,543,1001,1004,1039,1000,1012,1018,1390,1365,1496,1255]} 1. c4 Nf6 2. Nc3 e6 3. e4 d5 4. cxd5 exd5 5. e5 Ne4 6. d4 {A18: English Opening: Flohr-Mikenas System (1 c4 Nf6 2 Nc3 e6 3 e4)} ({Much weaker is} 6. Nxe4 dxe4 7. Qa4+ Nc6 $15) (6. Nf3 Bf5 7. d4 Bb4 8. Bd2 Bxc3 9. Bxc3 O-O 10. Be2 b6 11. O-O c5 12. Nd2 Nc6 13. Nxe4 Bxe4 14. f3 {½-½ (30) Howell,D (2685)-Nakamura,H (2749) Caleta 2019}) 6... c5 ({Better is} 6... Bb4 $14) 7. Nxe4 $16 dxe4 8. d5 {White is better.} Nd7 $146 ({Predecessor:} 8... Qb6 9. Qa4+ Bd7 10. Qxe4 c4 11. Nf3 Bb4+ {1-0 (24) Ederer,K (2044)-Wroblewski,M (1400) LSS email 2012}) 9. Qa4 Qe7 {[#]} (9... Qb6 $16) 10. f4 $1 $18 ({Worse is} 10. Qxe4 Qxe5 11. Qxe5+ Nxe5 $11) 10... g5 11. Qxe4 Nf6 12. Bb5+ Bd7 13. Bxd7+ Nxd7 14. Nf3 {[#] aiming for d6.} O-O-O 15. Be3 ({Don't take} 15. fxg5 Bg7 $18) (15. Nxg5 $6 h6 $18) 15... g4 16. Nd2 Kb8 17. O-O-O Bg7 18. Kb1 f6 19. e6 {White is clearly winning.} f5 20. Qxf5 Rhf8 21. Qc2 Nb6 22. Bxc5 Qf6 23. Ne4 Qf5 24. Bxb6 Rc8 25. Bc5 Rfd8 26. Qd3 {Accuracy: White = 85%, Black = 22%.} 1-0

[Event "WJCC U20 Open 2019"]
[Site "New Delhi"]
[Date "2019.10.16"]
[Round "2.38"]
[White "Cansun, Can Alp"]
[Black "Raja Rithvik R"]
[Result "0-1"]
[WhiteElo "2199"]
[BlackElo "2369"]
[Annotator "TA"]
[PlyCount "66"]
[EventDate "2019.10.15"]
[EventType "swiss"]
[EventCountry "IND"]
[SourceTitle "playchess.com"]
[Source "ChessBase"]
[SourceQuality "1"]

{[%evp 23,66,0,0,0,14,14,12,10,12,7,18,0,0,0,0,0,0,0,0,0,-5,-48,-58,-56,-53,-50,-16,-18,0,-10,0,0,0,-47,-38,-51,0,0,8,-14,-16,-835,-839,-29998,-29999]} 1. d4 Nf6 2. c4 e6 3. Nf3 b6 4. g3 Bb7 5. Bg2 Be7 6. O-O O-O 7. d5 exd5 8. Nh4 c6 9. cxd5 Nxd5 10. Nf5 Nc7 11. e4 d5 12. Nc3 Bf6 13. exd5 {E17: Queen's Indian: 4 g3 Bb7 5 Bg2 Be7} Nxd5 14. Nxd5 cxd5 15. Ne3 {[%cal Re3d5] The position is equal.} (15. Bf4 Bxb2 16. Rb1 Bf6 17. Re1 Na6 18. Bd6 Re8 19. Qg4 g6 20. Nh6+ Kg7 21. Nf5+ Kg8 22. Nh6+ Kg7 23. Nf5+ {½-½ (23) Ragger,M (2700)-Vitiugov,N (2721) Germany 2017}) 15... Nd7 16. Nxd5 Nc5 17. Nxf6+ Qxf6 18. Bxb7 Nxb7 19. Rb1 $146 ({Predecessor:} 19. Qe2 Rfe8 20. Be3 Nd6 21. Rad1 Nf5 {½-½ (21) Szustakowski,A (2319)-Makhnev,D (2442) Porto Carras 2018}) 19... Nc5 20. Be3 Rfd8 21. Qg4 Nd3 22. b3 Rd5 23. Qe4 Rad8 $36 {[%mdl 2048] Black is more active.} 24. Rbd1 Qd6 (24... Nxf2 {looks sharper.} 25. Qxd5 Nxd1 26. Rxf6 Rxd5 27. Rc6 f6) 25. Rd2 f5 26. Qf3 f4 27. gxf4 Qg6+ 28. Qg3 Qe4 {[%mdl 1024] Black has compensation.} 29. Qg2 Qf5 (29... Qxg2+ $15 30. Kxg2 {[#]} Nxf4+ $1 {[%mdl 512]} 31. Bxf4 Rxd2) 30. Rfd1 $11 R8d6 {aiming for ...Rg6.} 31. Kh1 Qh5 {And now ...Rg6 would win.} 32. Rg1 $2 {[%mdl 8192]} (32. f3 $11) 32... Rg6 $19 33. Qe4 {[#]} Qxh2+ $1 {[%mdl 576] Clearance. Accuracy: White = 51%, Black = 50%.} 0-1

[Event "WJCC U20 Open 2019"]
[Site "New Delhi"]
[Date "2019.10.16"]
[Round "2.39"]
[White "Li, William"]
[Black "Pogosyan, Stefan"]
[Result "0-1"]
[WhiteElo "2161"]
[BlackElo "2364"]
[Annotator "TA"]
[PlyCount "110"]
[EventDate "2019.10.15"]
[EventType "swiss"]
[EventCountry "IND"]
[SourceTitle "playchess.com"]
[Source "ChessBase"]
[SourceQuality "1"]

{[%evp 11,110,13,11,7,25,17,35,20,29,31,66,27,31,26,28,25,22,-66,-36,-18,-45,-97,-100,-174,-147,-156,-156,-180,-166,-330,-314,-363,-199,-208,-185,-173,-233,-253,-246,-256,-256,-256,-109,-125,-122,-117,-116,-123,-116,-124,-110,-104,-107,-127,-112,-113,-101,-104,-91,-99,-88,-312,-312,-299,-297,-304,-297,-304,-304,-297,-290,-290,-290,-288,-285,-266,-187,-482,-482,-475,-460,-460,-432,-29957,-29956,-4141,-4133,-29976,-29978,-29984,-29985,-29992,-29977,-29978,-29979,-29978,-29979,-29980,-29981,-29979,-29967]} 1. e4 c5 2. Nf3 Nc6 3. Bb5 g6 4. O-O Bg7 5. Re1 e5 6. b4 Nxb4 7. Bb2 {B31: Sicilian: 2...Nc6 3 Bb5 g6} Qc7 (7... a6 8. a3 axb5 9. axb4 Rxa1 10. Bxa1 d6 11. bxc5 Ne7 12. Qe2 b4 13. Qc4 Qa5 14. cxd6 Be6 {½-½ (34) Caruana,F (2832)-Carlsen,M (2835) London 2018}) 8. c3 Nc6 $1 9. d4 {White is slightly better.} exd4 10. cxd4 Nge7 11. e5 $146 ({Predecessor:} 11. Nc3 cxd4 12. Nd5 Qd8 13. Ba3 O-O 14. Bd6 b6 {½-½ (34) Foygel,I (2474)-Kreiman,B (2497) Seattle 2003}) 11... cxd4 12. Nbd2 a6 13. Bc4 O-O {[%cal Rc6e5]} ({Much worse is} 13... Nxe5 14. Nxe5 Bxe5 15. Rc1 $16) 14. Rc1 (14. Ba3 $11) 14... d5 15. exd6 Qxd6 16. Ne4 (16. Bb3 $15) 16... Qb4 $1 $17 {[%cal Rb4b2]} 17. Ba1 (17. Bb3 $17) 17... Bg4 18. h3 Bxf3 19. Qxf3 {intending a3.} Nf5 20. g4 $2 (20. a3 {was worth a try.} Qb6 21. Bd5) 20... Ne5 $19 21. Qf4 Nxc4 (21... Nh4 $142 22. Red1 Nxc4 23. Bxd4 Nd2 24. Nxd2 Qxd4 25. Qxd4 Bxd4) 22. gxf5 {Black must now prevent f6.} Rfe8 $1 23. fxg6 hxg6 24. Nf6+ Bxf6 $1 25. Rxe8+ Rxe8 26. Qxf6 Qd6 (26... Ne5 $19 {is more deadly. Hoping for ...Qa3.} 27. Rd1 Qe7 28. Qxe7 Rxe7) 27. Bxd4 {[%csl Gd4][%cal Rf6h8]} Qxf6 28. Bxf6 $17 {[%mdl 4096] Endgame KRB-KRN} Re6 29. Bd4 b5 30. a4 Rd6 31. axb5 axb5 ({Much weaker is} 31... Rxd4 32. bxa6 Nd6 33. Ra1 $11) 32. Bc5 Rc6 33. Bb4 Ne5 34. Rd1 Rc4 35. Rd8+ Kh7 $1 36. Bd6 $2 {[#]} (36. Ba3 $17) 36... Rc1+ $1 $19 37. Kg2 Rd1 38. Re8 Rxd6 39. Rxe5 {[#] KR-KR} Rb6 $1 40. Re3 b4 41. Rb3 Kg7 42. Kf3 Kf6 43. Ke4 Kg5 44. f4+ $2 (44. Rg3+ Kh4 45. Rb3) 44... Kf6 45. h4 Ke6 46. f5+ gxf5+ 47. Kf4 (47. Kd4 $19 Kf6 48. Kc5) 47... Kd5 48. h5 Kc4 49. Rh3 b3 {[%cal Bb4b3,Bb3b2][%mdl 32] Black mates.} 50. h6 b2 51. h7 Rb8 52. Rh1 Rh8 53. Kg5 Kb3 54. Kh6 Ka2 55. Kg7 {[#]} Rxh7+ $1 {[%mdl 576] Promotion. Accuracy: White = 40%, Black = 65%.} 0-1